Proyecto Colombia cafetera sostenible es una asociación público privada para la convivencia pacífica y el desarrollo sostenible en la zona rural cafetera de la serranía del Perijá (2009-2012) = (Registro nro. 15461)
[ vista simple ]
| 000 -LEADER | |
|---|---|
| fixed length control field | 01521nam a22002537a 4500 |
| 003 - CONTROL NUMBER IDENTIFIER | |
| control field | OSt |
| 005 - DATE AND TIME OF LATEST TRANSACTION | |
| control field | 20210323110427.0 |
| 008 - FIXED-LENGTH DATA ELEMENTS--GENERAL INFORMATION | |
| fixed length control field | 210323b2013 ck ao||gr|||| 00| 0 spa d |
| 040 ## - CATALOGING SOURCE | |
| Original cataloging agency | CO-JMCR |
| Transcribing agency | CO-JMCR |
| 041 0# - LANGUAGE CODE | |
| Language code of text/sound track or separate title | spa |
| Language code of original | eng |
| 082 04 - DEWEY DECIMAL CLASSIFICATION NUMBER | |
| Classification number | 633.73 / |
| Item number | F293c |
| Edition number | 23 |
| 110 2# - MAIN ENTRY--CORPORATE NAME | |
| Corporate name or jurisdiction name as entry element | Federación Nacional de Cafeteros de Colombia. |
| 9 (RLIN) | 36376 |
| 245 10 - TITLE STATEMENT | |
| Title | Proyecto Colombia cafetera sostenible es una asociación público privada para la convivencia pacífica y el desarrollo sostenible en la zona rural cafetera de la serranía del Perijá (2009-2012) = |
| Remainder of title | "Colombia cafetera sostenible"(sustainable cofee growing Colombia) project is a public private perthership for peaceful coexistence and sustainable development in the rural areas of the serrania del perijá (2009-2012) / |
| Statement of responsibility, etc. | Federación Nacional de Cafeteros de Colombia ; fotografía Niels Van Iperen. |
| 260 ## - PUBLICATION, DISTRIBUTION, ETC. | |
| Place of publication, distribution, etc. | [Bogotá?] : |
| Name of publisher, distributor, etc. | Federación Nacional de Cafeteros de Colombia : |
| -- | Departamento del Cesar : |
| -- | Reino de los Países Bajos, |
| Date of publication, distribution, etc. | 2013. |
| 300 ## - PHYSICAL DESCRIPTION | |
| Extent | 67 páginas : |
| Other physical details | fotografías a color ; |
| Dimensions | 30 cm. |
| 546 0# - LANGUAGE NOTE | |
| Language note | Textos en Español e Inglés. |
| 650 24 - SUBJECT ADDED ENTRY--TOPICAL TERM | |
| Topical term or geographic name entry element | Café |
| Form subdivision | Fotografías |
| General subdivision | Cultivo |
| Geographic subdivision | Colombia |
| 9 (RLIN) | 36416 |
| 650 24 - SUBJECT ADDED ENTRY--TOPICAL TERM | |
| Topical term or geographic name entry element | Zona Cafetera (Colombia) |
| Form subdivision | Descripción |
| General subdivision | Fotografías |
| 9 (RLIN) | 36417 |
| 650 24 - SUBJECT ADDED ENTRY--TOPICAL TERM | |
| Topical term or geographic name entry element | Paisajes |
| Form subdivision | Zona Cafetera |
| General subdivision | Fotografías |
| Geographic subdivision | Colombia |
| 9 (RLIN) | 36418 |
| 650 24 - SUBJECT ADDED ENTRY--TOPICAL TERM | |
| Topical term or geographic name entry element | Campesino |
| Form subdivision | Zona Cafetera |
| General subdivision | Fotografías |
| Geographic subdivision | Colombia |
| 9 (RLIN) | 36419 |
| 650 24 - SUBJECT ADDED ENTRY--TOPICAL TERM | |
| Topical term or geographic name entry element | Desarrollo sostenible |
| General subdivision | Zona Cafetera |
| Geographic subdivision | Colombia |
| 9 (RLIN) | 36420 |
| 700 1# - ADDED ENTRY--PERSONAL NAME | |
| Personal name | Van Iperen, Niels, |
| Relator term | fotógrafo |
| 9 (RLIN) | 36421 |
| 942 ## - ADDED ENTRY ELEMENTS (KOHA) | |
| Source of classification or shelving scheme | Dewey Decimal Classification |
| Koha item type | Books |
| Withdrawn status | Lost status | Source of classification or shelving scheme | Damaged status | Not for loan | Home library | Current library | Shelving location | Date acquired | Source of acquisition | Total Checkouts | Full call number | Barcode | Date last seen | Copy number | Price effective from | Koha item type |
|---|---|---|---|---|---|---|---|---|---|---|---|---|---|---|---|---|
| Dewey Decimal Classification | Biblioteca Pública José María del Castillo y Rada | Biblioteca Pública José María del Castillo y Rada | General Stacks | Donación | 633.73 / F293c | 201810953 | 05/16/2024 | Ej.1 | Books |